000 01217cad a22002175a 4500
001 L144599
008 080730s2008 xxkado f s 000 0 eng u
035 _a(Sirsi) u144599
041 0 _aeng
050 0 4 _a333.33 $2 18
110 2 _aCB Richard Ellis
_93675
245 0 0 _aResidential property market
_b2008 Q2 overview
260 _aLondon
_bCBRE
_c2008
490 0 _aCB Richard Ellis/Hamptons International Market View
_vQ2 2008
520 _aActivity in the housing market is falling sharply, with eight consecutive months of declines (total fall of 7.3%). Confidence is at an 18 year low. The trajectory of falls in house values are currently similar to those found in the 1990s, although there are various key economic differences between the market then and during the current downturn. Survey posits a fall of house prices by 10% this year, followed by a smaller fall in 2009 and improving prices from the end of 2010 onwards.
651 4 _aUnited Kingdom
_y
690 _aPROPERTY-RESIDENTIAL PROPERTY-RESIDENTIAL PROPERTY MARKET
710 2 _aHamptons International
_94999
856 4 0 _uhttps://www.cbre.co.uk/uk_en/research/report_results
_zView the item free of charge at www.cbre.com...
942 _n0
999 _c108553
_d108553